Referendum as a Party Tool: The Case of Slovakia

Titel: Referendum as a Party Tool: The Case of Slovakia / Miroslav Nemčok, Peter Spáč
Verfasser: ;
In: East European politics and societies, Band 33, Heft 3 (2019), Seite 755-777
alle Artikel anzeigen
Veröffentlicht: 2019
Format: Aufsatz
Sprache: Englisch
Schlagworte:
Kein Bild verfügbar
X
alg: 52291184
001A    $03025:31-10-24 
001B    $01999:31-10-24 $t23:18:07.000 
001D    $03025:31-10-24 
001U    $0utf8 
001X    $00 
002@    $0Oou 
002C    $aText $btxt $2rdacontent 
002D    $aComputermedien $bc $2rdamedia 
002E    $aOnline-Ressource $bcr $2rdacarrier 
003@    $0522911846 
007A    $0522911846 $aHEB 
009Q    $uhttps://doi.org/10.1177/0888325418800551 $xVolltext 
010@    $aeng 
010E    $erda 
011@    $a2019 
021A    $aReferendum as a Party Tool: The Case of Slovakia $hMiroslav Nemčok, Peter Spáč 
028A    $BVerfasser $4aut $71346853177 $8Nemčok, Miroslav [Tp3] $9522911854 
028C    $BVerfasser $4aut $7143711725 $8Spáč, Peter$Z1984- [Tp3] $9232440751 
031A    $d33 $e3 $h755-777 $j2019 
039B    $aEnthalten in $8--Obvc--. East European politics and societies. - Thousand Oaks, Calif. : Sage, 1986-. - Online-Ressource. - ISSN 1533-8371 $x201900000330003245 $9097807036 
044K    $RTschechoslowakei $RTschechoslowakei $#Slowakei $#Slowakei $#Slowakische Republik $#Oberungarn $#Slovensko $#Slovenská Republika $#Slovenská SR $#SSR $#Slovakia $#Slovaquie $#Slovak Republic $#République Slovaque $#Slovenská Socialistická Republika $#Slowakische Sozialistische Republik $#Slovak Socialist Republic $#République Socialiste Slovaque $74055297-4 $8Slowakei [Tg1] $9085153834 
044K    $RAbstimmung $RVolksbegehren $#Referendum $#Plebiscite $#Référendum $#Plébiscite $#Plebiscito $#Referéndum $#Referendum $#Volksabstimmung $#Volksentscheid $#Plebiszit $#Referendum $#Volksentscheid $#Volksbefragung $74134790-0 $8Volksabstimmung [Ts1] $9085494747 
044K    $RParteiensystem $#Political parties $#Partis politiques $#Partidos políticos $#Politische Partei $#Partei $#Politische Partei $#Parteien $74044737-6 $8Partei [Ts1] $9085125652 
045F    $a909 $eDDC23BSB 
045F/01 $a909 
045F/03 $f0905 
045F/03 $f09049 
045F/03 $g4373 
045R    $aGeschichte 1993-2016 
045T    $aOST $qDE-12 $2FID 

lok: 52291184 78

exp: 52291184 78 1 #EPN
201B/01 $031-10-24 $t17:36:26.000 
201C/01 $031-10-24 
201U/01 $0utf8 
203@/01 $01279139242 
208@/01 $a31-10-24 $be 
209A/01 $a/ $f000 $x00 
209A/01 $ab*p $x01 
220C/01 $apgar 
244Z/01 $#Slowakei $#Slowakei $#Slowakische Republik $#Oberungarn $#Slovensko $#Slovenská Republika $#Slovenská SR $#SSR $#Slovakia $#Slovaquie $#Slovak Republic $#République Slovaque $#Slovenská Socialistická Republika $#Slowakische Sozialistische Republik $#Slovak Socialist Republic $#République Socialiste Slovaque $74055297-4 $8--Tg1--Slowakei $x12 $9085153834 
247C/01 $82080>Marburg/Lahn, Herder-Institut, Forschungsbibliothek, Bibliographieportal $9336309341
LEADER 00000caa a2200000 c 4500
001 522911846
003 DE-603
005 20241031231807.0
007 cr||||||||||||
008 241031s2019 xx |||| o| u00||u|eng c
035 |a (DE-599)HEB522911846 
040 |a DE-603  |b ger  |c DE-603  |d DE-603  |e rda 
041 |a eng 
082 0 4 |8 1\u  |a 909  |q DE-101  |2 23/BSB 
084 |a OST  |q DE-12  |2 fid 
085 |8 1\u  |b 909 
085 |8 1\u  |z 1  |s 0905 
085 |8 1\u  |z 1  |s 09049 
085 |8 1\u  |z 2  |s 4373 
100 1 |a Nemčok, Miroslav  |e Verfasser  |4 aut  |0 (DE-603)522911854  |0 (DE-588)1346853177  |2 gnd 
245 0 0 |a Referendum as a Party Tool: The Case of Slovakia  |c Miroslav Nemčok, Peter Spáč 
264 0 |c 2019 
336 |a Text  |b txt  |2 rdacontent 
337 |a Computermedien  |b c  |2 rdamedia 
338 |a Online-Ressource  |b cr  |2 rdacarrier 
648 7 |a Geschichte 1993-2016  |2 gnd 
650 7 |a Volksabstimmung  |0 (DE-588)4134790-0  |0 (DE-603)085494747  |2 gnd 
650 7 |a Partei  |0 (DE-588)4044737-6  |0 (DE-603)085125652  |2 gnd 
651 7 |a Slowakei  |0 (DE-588)4055297-4  |0 (DE-603)085153834  |2 gnd 
700 1 |a Spáč, Peter  |d 1984-  |e Verfasser  |4 aut  |0 (DE-603)232440751  |0 (DE-588)143711725  |2 gnd 
773 0 8 |i Enthalten in  |t East European politics and societies  |d Thousand Oaks, Calif. : Sage, 1986-  |h Online-Ressource  |x 1533-8371  |g Band 33, Heft 3 (2019), Seite 755-777  |w (DE-603)097807036  |w (DE-600)2043614-2 
856 |u https://doi.org/10.1177/0888325418800551 
924 1 |9 2080  |a (DE-603)1279139242  |b DE-2080  |c HES  |d d  |g /